00955nam a2200229 a 450000100100000000500170001000800410002702000180006804000250008624500800011126000280019130000350021949000290025450400730028370000230035670000290037971000610040871000980046983000360056795201050060399900170070800004324720250909091242.0140303s2011 sp ac 000 0 spa d a9788483471388 aDO-SdBNPbspacBNPHU00aLa cooperación cultural para el desarrollo en el ámbito multilateral /. aMadrid :bAECID,c2011. a390 p. :bil., retrs ;c23 cm.1 aCultura y Desarrollov11 aIncluye referencias bibliográficas y notas al pie de las páginas1 aRey, German9708481 aMoneta, Carlos J.9708492 aAgencia Española de Cooperación Internacional9345852 aOrganización de Estados Iberoamericanos para la Educación, la Ciencia y la Cultura929137 0aCultura y Desarrollov11970835 001050718MOaGRbGRcCTd2014-03-03iLF1l0o p43247-10r2020-06-25w2020-06-25y1ZNo se presta c42736d42736